| 000 | 00667cam a22001217a 4500 | ||
|---|---|---|---|
| 008 | 180718b1981 xxu||||| |||| 00| 0 eng d | ||
| 082 | _aR22065x54 In2/1974-75 | ||
| 245 |
_aOccupational wage survey, report: report on textile industries (survey period-July to October, 1975), (reference period-January 1975) for cotton, silk and woollen textiles, (March 1975) for jute textiles _cby Labour Bureau, Ministry of Labour and Rehabilitation |
||
| 260 |
_aChandigarh _bLabour Bureau, Ministry of Labour and Rehabilitation _c1981 |
||
| 300 | _a237+p. | ||
| 650 | _aWages surveys - Textiles workers - India | ||
| 700 | _aIndia. Ministry of Labour and Rehabilitation. Labour Bureau | ||
| 999 |
_c483814 _d483814 |
||